Umfangsverfahren - das Ende der Unschuldsvermutung!

Guardado en:  
Detalles Bibliográficos
Autor principal: Wesemann, Horst (Autor)
Tipo de documento: Print Artículo
Lenguaje:Alemán
Publicado: 2009
En: Strafverteidigung im Rechtsstaat
Año: 2009, Páginas: 891-906
Verificar disponibilidad: HBZ Gateway
Palabras clave:

MARC

LEADER 00000caa a2200000 c 4500
001 1377037444
003 DE-627
005 20240630172745.0
007 tu
008 090528s2009 xx ||||| 00| ||ger c
020 |a 9783832942830 
035 |a (DE-627)1377037444 
035 |a (DE-576)307037444 
035 |a (DE-599)BSZ307037444 
040 |a DE-627  |b ger  |c DE-627  |e rakwb 
041 |a ger 
100 1 |a Wesemann, Horst  |4 aut 
245 1 0 |a Umfangsverfahren - das Ende der Unschuldsvermutung!  |c Horst Wesemann 
264 1 |c 2009 
336 |a Text  |b txt  |2 rdacontent 
337 |a ohne Hilfsmittel zu benutzen  |b n  |2 rdamedia 
338 |a Band  |b nc  |2 rdacarrier 
689 0 0 |d g  |0 (DE-588)4011882-4  |0 (DE-627)104704861  |0 (DE-576)208896155  |a Deutschland  |2 gnd 
689 0 1 |d s  |0 (DE-588)4116634-6  |0 (DE-627)105805297  |0 (DE-576)209503203  |a Strafverfahren  |2 gnd 
689 0 2 |d s  |0 (DE-588)4530398-8  |0 (DE-627)254873006  |0 (DE-576)213398796  |a Großverfahren  |2 gnd 
689 0 3 |d s  |0 (DE-588)4141722-7  |0 (DE-627)104196742  |0 (DE-576)209713607  |a Akteneinsicht  |2 gnd 
689 0 4 |d s  |0 (DE-588)4374795-4  |0 (DE-627)184638690  |0 (DE-576)211774251  |a Informationsüberlastung  |2 gnd 
689 0 5 |d s  |0 (DE-588)4186955-2  |0 (DE-627)105275700  |0 (DE-576)210042656  |a Unschuldsvermutung  |2 gnd 
689 0 |5 (DE-627) 
773 0 8 |i In  |t Strafverteidigung im Rechtsstaat  |b 1. Aufl.  |d Baden-Baden : Nomos, 2009  |g (2009), Seite 891-906  |h 1104 S.  |w (DE-627)595976808  |w (DE-576)30591605X  |z 3832942831  |z 9783832942830  |7 nnam 
773 1 8 |g year:2009  |g pages:891-906 
889 |w (DE-627)740904973 
935 |i mdedup 
951 |a AR 
ELC |b 1 
LOK |0 000 xxxxxcx a22 zn 4500 
LOK |0 001 2602995738 
LOK |0 003 DE-627 
LOK |0 004 1377037444 
LOK |0 005 20260119123624 
LOK |0 008 090617||||||||||||||||ger||||||| 
LOK |0 040   |a DE-21-110  |c DE-627  |d DE-21-110 
LOK |0 689   |a s  |a Telekommunikationsüberwachung 
LOK |0 689   |a s  |a Unschuldsvermutung 
LOK |0 852   |a DE-21-110 
LOK |0 852 1  |m p  |9 00 
LOK |0 935   |a tre2 
LOK |0 938   |k p 
LOK |0 939   |a 17-06-09  |b l01 
ORI |a SA-MARC-krimdoka001.raw 
TIM |a 100019901003_100020261231  |b 1990-10-03 - 2026